000 00752cam a2200217 4500
003 OSt
005 20140310181625.0
008 700316s1970 nyu b 001 0 eng
020 _a0393099121
050 0 0 _aHC 106.6
_b.Ok46 1970
082 0 0 _aHS 339
_bOk1 1970
100 1 _aOkun, Arthur M.
_911926
245 1 4 _aThe political economy of prosperity :
_cArthur M. Okun
_ba recent chairman of the council of economic advisers takes a close look at efforts to stabilize our dynamic economy /
250 _a1st ed.
260 _aNew York,
_bNorton.
_cc1970.
300 _avi, 152 p.
_c21 cm.
650 0 _aEconomic stabilization
_zUnited States.
_911927
651 0 _aUnited States
_xEconomic policy
_y1961-1971.
_911928
942 _2lcc
_cHS
999 _c270
_d270